00341nam a2200121Ia 4500008004100000041000800041082001400049100001800063245004500081260004900126300003200175365001200207240624s9999 xx 000 0 und d aeng a338.9 CHA aCHANG HA JOON aINSTITUTIONAL CHANGE AND ECONOMIC DEVELO c2007aTokyobUnited Nations University Press axxii, : 305 : p. : cm. ; 23 cBPSb25